| 000 | 00972nam a22003137a 4500 | ||
|---|---|---|---|
| 003 | CHAP | ||
| 005 | 20220329135636.0 | ||
| 008 | 971013s1980 r 00010 d | ||
| 010 | _a39791 | ||
| 011 | _a40763 | ||
| 035 | _a44889 | ||
| 040 | _cCHAP | ||
| 090 | _aFolleto 9155 | ||
| 110 |
_aE.U.A. Department of Agriculture. Science and Education Administration _934896 |
||
| 245 | _aWind power windmills | ||
| 260 |
_aWashington : _bThe Department, _c1980 |
||
| 300 |
_a11 p. _b: ilus. ; gráfs. |
||
| 490 |
_aProgram Aid _v; 1256 |
||
| 590 |
_aBATCH-UPD _b10 _c20130110 _lUCH01 _h1942 |
||
| 590 |
_aBATCH-UPD _b10 _c20130410 _lUCH01 _h1304 |
||
| 590 |
_aBATCH-UPD _b10 _c20130914 _lUCH01 _h1306 |
||
| 590 |
_aCONVERSION _b10 _c20130109 _lUCH01 _h1322 |
||
| 650 | 1 | 4 |
_aEnergía eólica. _936903 |
| 650 | 1 | 4 |
_aMolinos de viento. _977425 |
| 830 | 0 |
_aProgram Aid _v; 1256 _992246 |
|
| 901 | _aBK | ||
| 942 | _cFOLL | ||
| 949 |
_aFolleto 9155 _bBC _cFOLL _d-102827 _eTS1 _i44889 _si |
||
| 999 |
_c39791 _d39791 |
||